1050 1965 1504 1950 1672 1072 1037 1244 1889 1070 1518 1069 1487 1945 1301 1353 1048 1138 1879 1767 1198 1342 1556 1267 1446 1855 1574 1591 1488 1042 1195 1140 1714 1797 1367 1142 1402 1801 1071 1403 1405 1482 1180 1038 1609 1458 1477 1048 1878 1783 1408 1811 1409 1769 1678 2000 1429 1061 1554 1279 1180 1967 1336 1849 1860 1459 1556 1078 1880 1446 1019 1641 1927 1057 1802 1643 1073 1640 1625 1623 1119 1752 1351 1641 1677 1790 1532 1144 1133 1939 1539 1918 1190 1021 1045 1299 1727 1840 1881 BCNSPRNW ULIB Ver.6.0+V

เปลี่ยนเป็นภาษาไทย

Change to English
 แสดงรายละเอียดบรรณานุกรม
  กลับหน้าหลัก

Brief Record : Get Marc (ISO 2709) : E-mail record : QR code < ปิดหน้าต่าง
LEADER : 00000nam 2200000uu 4500
001    13399126747
003     ULIB
008    190226s2014||||th 000 0 tha d
020    ^a9781451130171^qpaperback
020    ^a1451130171^qpaperback
060    ^aWA950^bG548h
100 1  ^aGlaser, Anthony N.
245 10 ^aHigh-yield biostatistics, epidemiology, & public health /^cAnthony N. Glaser, MD, PhD, Clinical Assistant Professorof Family Medicine, Department of Family Medicine, MedicalUniversity of South Carolina, Charleston, South Carolina.
246 3  ^aHigh-yield biostatistics, epidemiology, and public health
250    ^aFourth edition.
260    ^aPhiladelphia :^bWolters Kluwer Health/Lippincott Williams & Wilkins,^c[2014]
300    ^aix, 110 pages :^billustrations ;^c26 cm
500    ^aEarlier title: High-yield biostatistics.
504    ^aIncludes bibliographical references (pages 105-106) andindex.
505 0  ^aDescriptive statistics -- Inferential statistics --Hypothesis testing -- Correlational and predictivetechnqiues -- Asking clinical questions: research methods-- Answering clinical questions I: searching for andassessing the evidence -- Answering clinical questions II:statistics in medical decision making -- Epidemiology andpopulation health -- Ultra-high-yield review.
650  0 ^aMedical statistics.
650  0 ^aBiometry.
650  2 ^aBiometry.
945    ^p1334^l0^i005413
999    ^aประนอม เกษจรัล
รายการนี้ยังไม่มีแท็ก
คุณยังไม่ได้ล็อกอิน คุณสามารถมีกิจกรรมร่วมกับเว็บไซต์ได้ แต่ต้องล็อกอินก่อน ::
  ล็อกอิน

รายการสื่อสารสนเทศ

ลำดับที่ ประเภท เลขเรียก/บาร์โค้ด สถานที่ สถานะ
1. วิทยาศาสตร์การแพทย์ และสุขภาพ
หนังสือสำรอง
สถานะ=หนังสือสำรอง
WA950 G548h ฉ.1 
  Barcode: 005413
ห้องสมุดวิทยาเขตสวรรค์ประชารักษ์
►หนังสือทั่วไป
บนชั้น

BibComment


ยังไม่เคยถูกคอมเมนท์

คอมเมนท์ทรัพยากรรายการนี้
  คอมเมนท์: Highyield biosta..


 Copyright 2026. Bcnsprnw @Library